000
00316nam a2200121Ia 4500
005
20251222144739.0
008
251222s9999||||xx |||||||||||||| ||spa||
020
_a
0-201-69422-0
082
_a
421.52/B47
100
_a
Betta, Laurie
245
0
_a
North Star: Focus and Reading and Writing: Intermediate
942
_c
LIB
999
_c
18904
_d
18904